MARC details
| 000 -CABECERA |
| campo de control de longitud fija |
00907nam a2200229 a 4500 |
| 001 - NÚMERO DE CONTROL |
| campo de control |
000003003 |
| 003 - IDENTIFICADOR DEL NÚMERO DE CONTROL |
| campo de control |
DO-SdBNP |
| 005 - FECHA Y HORA DE LA ÚLTIMA TRANSACCIÓN |
| campo de control |
20211119101221.0 |
| 008 - DATOS DE LONGITUD FIJA--INFORMACIÓN GENERAL |
| campo de control de longitud fija |
090706s2008 dr a r 000 0 spa d |
| 040 ## - FUENTE DE LA CATALOGACIÓN |
| Centro catalogador/agencia de origen |
DO-SdBNP |
| Lengua de catalogación |
spa |
| Centro/agencia transcriptor |
BNPHU |
| 082 #4 - NÚMERO DE LA CLASIFICACIÓN DECIMAL DEWEY |
| Número de clasificación |
363.1063 |
| Número de documento/Ítem |
R426e, 2008 |
| Número de edición |
22 |
| 110 1# - ENTRADA PRINCIPAL--NOMBRE DE ENTIDAD CORPORATIVA |
| Nombre de entidad corporativa o nombre de jurisdicción como elemento de entrada |
República Dominicana. |
| Unidad subordinada |
Ayuntamiento del Distrito Nacional |
| 9 (RLIN) |
9535 |
| 245 10 - MENCIÓN DE TÍTULO |
| Título |
Encuesta del gobierno de la seguridad (marzo 2008) : |
| Resto del título |
Zona Colonial / |
| Mención de responsabilidad, etc. |
prólogo Roberto Salcedo. |
| 260 ## - PUBLICACIÓN, DISTRIBUCIÓN, ETC. |
| Lugar de publicación, distribución, etc. |
Santo Domingo : |
| Nombre del editor, distribuidor, etc. |
Búho, |
| Fecha de publicación, distribución, etc. |
2008. |
| 300 ## - DESCRIPCIÓN FÍSICA |
| Extensión |
93 p. : |
| Otras características físicas |
il. ; |
| Dimensiones |
22 cm. |
| 650 #4 - PUNTO DE ACCESO ADICIONAL DE MATERIA--TÉRMINO DE MATERIA |
| Término de materia o nombre geográfico como elemento de entrada |
Seguridad ciudadana |
| Subdivisión geográfica |
Santo Domingo (República Dominicana) |
| Subdivisión general |
Encuestas |
| 9 (RLIN) |
6507 |
| 650 #4 - PUNTO DE ACCESO ADICIONAL DE MATERIA--TÉRMINO DE MATERIA |
| Término de materia o nombre geográfico como elemento de entrada |
Administración municipal |
| Subdivisión geográfica |
Santo Domingo (República Dominicana) |
| Subdivisión general |
Medidas de seguridad |
| 9 (RLIN) |
6508 |
| 700 1# - PUNTO DE ACCESO ADICIONAL--NOMBRE DE PERSONA |
| Nombre de persona |
Salcedo, Roberto, |
| Término indicativo de función/relación |
pról. |
| 9 (RLIN) |
9536 |
| 710 2# - PUNTO DE ACCESO ADICIONAL--NOMBRE DE ENTIDAD CORPORATIVA |
| Nombre de entidad corporativa o nombre de jurisdicción como elemento de entrada |
Observatorio ciudadano |
| 9 (RLIN) |
6510 |
| 910 ## - DATOS DE OPCIÓN DEL USUARIO (OCLC) |
| Datos de opción del usuario |
Validado. Control de calidad. EMS |
| 942 ## - ELEMENTOS DE PUNTO DE ACCESO ADICIONAL (KOHA) |
| Fuente del sistema de clasificación o colocación |
Dewey Decimal Classification |
| Tipo de ítem Koha |
Libro |